000 00356 a2200169 4500
001 181996
020 _a85-329-0656-7
040 _cMagnum
100 _aMaciel, Maura
240 1 0 _aMonstro da floresta, o
_lpor
245 1 0 _aMonstro da floresta, o
300 _a15
362 0 _a2003
440 1 _aLĂȘ
697 _aMAGNITO: I/ANIMAIS
942 _cBK
999 _c181996
_d181996